00265nam a2200097 a 4500008004100000050001500041100002100056245007200077260000900149350000900158120416s1990 xx |||||||||||||| || u aTS 184 Man aLewis, Bernard T10aManagement handbook for plant engineerscedited by Bernard T. Lewis c1990 a0.00